<?xml version="1.0" encoding="UTF-8"?>
<collection xmlns="http://www.loc.gov/MARC21/slim">
<record>
  <controlfield tag="001">4857</controlfield>
  <controlfield tag="005">20200403072030.0</controlfield>
  <datafield tag="037" ind1=" " ind2=" ">
    <subfield code="a">OUTRART-2020-0008</subfield>
  </datafield>
  <datafield tag="100" ind1=" " ind2=" ">
    <subfield code="a">Lecocq, T.</subfield>
  </datafield>
  <datafield tag="245" ind1=" " ind2=" ">
    <subfield code="a">Corona : sismologie « sociale » à l’Observatoire royal de Belgique</subfield>
  </datafield>
  <datafield tag="260" ind1=" " ind2=" ">
    <subfield code="c">2020</subfield>
  </datafield>
  <datafield tag="520" ind1=" " ind2=" ">
    <subfield code="a">Les Bruxellois le sentent, le voient, l’entendent : la ville est plus calme depuis le début du confinement décidé par le gouvernement pour cause de pandémie au coronavirus. Résultats, la diminution des activités humaines, et principalement le transport (routier mais aussi trams et trains) dans la capitale est en chute libre. Cette diminution du charroi, sans doute couplé à un ralentissement de l’activité industrielle du côté de Forest et d’Anderlecht, a un impact sur le bruit de fond sismique : cette espèce de brouhaha qui fait « trembloter » le sol en continu.</subfield>
  </datafield>
  <datafield tag="594" ind1=" " ind2=" ">
    <subfield code="a">NO</subfield>
  </datafield>
  <datafield tag="700" ind1=" " ind2=" ">
    <subfield code="a">Lecocq, T.</subfield>
  </datafield>
  <datafield tag="773" ind1=" " ind2=" ">
    <subfield code="p">Dailyscience.brussels</subfield>
    <subfield code="v">2020-03-27 (C. Du Brulle)</subfield>
  </datafield>
  <datafield tag="856" ind1="0" ind2=" ">
    <subfield code="f">thomas.lecocq@observatoire.be</subfield>
  </datafield>
  <datafield tag="856" ind1="4" ind2="2">
    <subfield code="a">https://dailyscience.brussels/fr/corona-sismologie-sociale-a-lobservatoire-royal-de-belgique/27/03/2020/</subfield>
  </datafield>
  <datafield tag="980" ind1=" " ind2=" ">
    <subfield code="a">OUTRART</subfield>
  </datafield>
</record>
</collection>